Analýza efektívnosti medzinárodnej špecializácie a kooperácie výroby vo VHJ ZŤS Martin so zameraním sa na podmienky ZŤS Detva záverečná práca postgraduálneho štúdia

Enregistré dans:
Détails bibliographiques
Auteur principal: Mokoš, Július
Collectivité auteur: Vysoká škola ekonomická v Bratislave
Autres auteurs: Sršňová, Jana
Format: Livre
Langue:slovaque
Publié: Bratislava 1988
Tags: Ajouter un tag
Pas de tags, Soyez le premier à ajouter un tag!

MARC

LEADER 00000nam a2200000 4500
001 c028124
005 20230116091252.5
041 0 |a slo 
044 |a SK 
245 1 0 |a Analýza efektívnosti medzinárodnej špecializácie a kooperácie výroby vo VHJ ZŤS Martin so zameraním sa na podmienky ZŤS Detva  |b záverečná práca postgraduálneho štúdia  |c Július Mokoš ; Ved. práce Jana Sršňová 
264 1 |a Bratislava  |c 1988 
300 |a 37 s. 
100 1 |a Mokoš, Július 
700 1 |a Sršňová, Jana 
710 2 |a Vysoká škola ekonomická v Bratislave